00501 2200181 4500001002100000005001500021035002000036245004100056100001900097250001200116300005600128260004000184082001000224084001600234020001800250600003500268504001600303INLIS00000000000018920230314014416 a0010-03230001741 aPengolahan Melinjo /cTim Penulis PS0 aTim Penulis PS aCet.10, a69 hal :bBibiliografi, vi, ;c20,5 cmeBibliografi aJakarta : :bPenebar Swadaya,c2002 a585.1 a585.1 TIM m a979-489-141-X 4aPERTANIAN - PENGOLAHAN MELINJO aBibliografi